Süleyman, the magnificent poet : the Sultan's selected poems /

Bibliographic Details
Main Author: Süleyman I, Sultan of the Turks, 1494 or 1495-1566
Other Authors: Halman, Talât Sait
Format: Book
Language:English
Published: Beyoğlu, Istanbul, Türkiye : Dost, 1987.
Subjects:

MARC

Tag First Indicator Second Indicator Subfields
LEADER 00000aam a2200000 a 4500
001 in00002114277
005 20151103054644.0
008 920127s1987 tu ac 000 0 eng
010 |a  88968881  
019 |a 17780292 
035 |a (OCoLC)ocm25917303 
040 |a DLC  |c DLC  |d TXA  |d UtOrBLW 
041 1 |a eng  |h ota 
049 |a TXAM 
050 0 0 |a PL248.S772  |b A6 1987 
100 0 |a Süleyman  |b I,  |c Sultan of the Turks,  |d 1494 or 1495-1566. 
245 1 0 |a Süleyman, the magnificent poet :  |b the Sultan's selected poems /  |c translated with an introduction [by] Talat S. Halman ; art editor, Salim Şengil ; foreword by Esin Atıl. 
264 1 |a Beyoğlu, Istanbul, Türkiye :  |b Dost,  |c 1987. 
300 |a 86 pages :  |b color illustrations ;  |c 25 cm. 
336 |a text  |b txt  |2 rdacontent 
337 |a unmediated  |b n  |2 rdamedia 
338 |a volume  |b nc  |2 rdacarrier 
536 |a From the Library Of Caroline Wadsworth Harris, March 2005. 
600 0 0 |a Süleyman  |b I,  |c Sultan of the Turks,  |d 1494 or 1495-1566. 
650 0 |a Turkish poetry  |v Translations into English. 
700 1 |a Halman, Talât Sait. 
994 |a C0  |b TXA 
948 |a cataloged  |b h  |c 2006/3/23  |d c  |e aklinger  |f 9:34:33 am 
999 |a MARS 
999 f f |s 716c138b-cc97-3737-b038-ca11b6fde51e  |i d8d7be60-0285-3d84-b862-b0cb2d16a072  |t 0 
952 f f |p normal  |a Texas A&M University  |b College Station  |c Sterling C. Evans Library  |d Evans: Library Stacks  |t 0  |e PL248.S772 A6 1987  |h Library of Congress classification  |i unmediated -- volume  |m A14834029821 
998 f f |a PL248.S772 A6 1987  |t 0  |l Evans: Library Stacks